000 01690cam a22004454i 4500
003 PE-LiUPU
005 20250731173304.0
008 150625s r 000 0 d
020 _a088113533X
035 _a(Sirsi) i9780881135336
040 _aPE-LiUPU
_bspa
_cPE-LiUPU
_erda
049 _aPRUA
082 0 4 _a248.843
_bJ17m
_221
100 1 _aJacobs, Cindy,
_eautor.
245 1 0 _aMujeres de propósito /
_cCindy Jacobs.
264 1 _aNashville, TN :
_bCaribe,
_c1999.
300 _a345 páginas ;
_c20 centímetros.
336 _atext
_2rdacontent
337 _aunmediated
_2rdamedia
338 _avolume
_2rdacarrier
500 _aEn la cubierta: La libertad para cumplir el llamado de Dios en su vida y en la iglesia.
504 _aIncluye referencias bibliográficas al pié de algunas páginas.
505 0 _aEl papel de la mujer en la iglesia. -La aventura. -Dolor secreto. -Querido Dios, necesito un amigo. -Mujeres de propósito. -Heroínas de la fe. -Madres y otras grandes colaboradoras de la fe. -De género a género. -El tema mujer. -Autoridad doméstica. -Oh, esos pasajes difíciles. -Ungida para servir. -La reforma cultural.
526 _aSEG42
526 _aSEG41
526 _aSEG40
526 _aSEG39
526 _aP94
526 _aP87
526 _aP86
526 _aP85
526 _aP77
526 _aP76
526 _aP35
650 1 4 _aMujeres en la iglesia.
942 _2ddc
_cBK
949 _a248.843 J13
_wDEWEY
_c1
_i55563
_lCCODEBUL1
_mBUL
_p9.00
_r0
_sY
_tBOOK
_u2015-6-25
_xTEOLOGIA
_zUNKNOWN
_0COMPRA
_o.STAFF. Colección General
999 _c44435
_d44435
980 _81
_gALBERTO SANCHEZ Responsable de Automatización